000 00780nam a2200229 u 4500
005 20260309112744.0
008 181105s2012 mx r 000 0 spa d
020 _a9786077775287
035 _aUPN01000227549
049 _aCG
050 4 _aE99 A6
_bL4.3
100 1 _aLeón Figueroa, Norma Guadalupe de
_942665
245 1 3 _aEl conflicto apache en Sonora bajo el gobierno del general Ignacio Pesqueira, 1867-1872 /
_cNorma Guadalupe de León Figueroa.
260 _aHermosilo :
_bEl Colegio de Sonora,
_c2012.
300 _a203 p.
440 0 _aCuadernos cuarto creciente ;
_v19
600 1 4 _aPESQUEIRA, IGNACIO,
_d1820-1886
_927441
650 4 _aApaches
_zSonora
_xHistoria
_ySiglo XIX
_927438
651 4 _aSonora
_xHistoria
_914970
905 _aLibro
999 _c199644
_d199644